| 000 | 00491nam a2200181Ia 4500 | ||
|---|---|---|---|
| 999 |
_c29522 _d29522 |
||
| 003 | OSt | ||
| 005 | 20201224112209.0 | ||
| 008 | 190216s9999||||xx |||||||||||||| ||und|| | ||
| 020 | _a9788130004648 | ||
| 040 | _coclc | ||
| 082 |
_a910 _bGOP/D |
||
| 100 |
_aGopakumar, T N _96928 |
||
| 245 | 0 |
_aDilli / _cT N Gopakumar |
|
| 260 |
_bPoorna Publication, _aKozhikode: _c2006. |
||
| 300 | _a66p | ||
| 650 | _aYathravivaranam | ||
| 942 |
_cBK _2ddc _h910 _iGOP/D _k910 _mGOP/D |
||